00469nam a2200193Ia 4500008004100000020001800041050001400059100001700073245001500090245005100105245001700156260001500173260001600188260000900204300001600213300002700229300001000256500000900266170918s9999 xx 000 0 und d a9781416935728 bW162 2006 aWalden, Mark aH.I.V.E. : bthe higher institute of villainous education / cMark Walden. aNew York : bScholastic, c2006 a309 pages : bcolored illustration ; c20cm. a1040